| 000 | 01490nam a22003854a 4500 | ||
|---|---|---|---|
| 001 | ebr10225370 | ||
| 003 | CaPaEBR | ||
| 006 | m u | ||
| 007 | cr cn||||||||| | ||
| 008 | 070507s2008 njua sb 001 0 eng | ||
| 010 | _z 2007019075 | ||
| 015 |
_aGBA775006 _2bnb |
||
| 016 | 7 |
_z013950265 _2Uk |
|
| 020 | _z9780471784098 (alk. paper) | ||
| 020 | _z0471784095 (alk. paper) | ||
| 040 |
_aCaPaEBR _cCaPaEBR |
||
| 035 | _a(OCoLC)646742198 | ||
| 050 | 1 | 4 |
_aQH324.2 _b.G75 2008eb |
| 082 | 0 | 4 |
_a570.285 _222 |
| 245 | 0 | 0 |
_aGrid computing for bioinformatics and computational biology _h[electronic resource] / _cedited by El-Ghazali Talbi, Albert Y. Zomaya. |
| 260 |
_aHoboken, N.J. : _bWiley-Interscience, _cc2008. |
||
| 300 |
_axv, 392 p. : _bill. |
||
| 490 | 1 | _aWiley series on bioinformatics | |
| 504 | _aIncludes bibliographical references and index. | ||
| 533 |
_aElectronic reproduction. _bPalo Alto, Calif. : _cebrary, _d2013. _nAvailable via World Wide Web. _nAccess may be limited to ebrary affiliated libraries. |
||
| 650 | 0 | _aBioinformatics. | |
| 650 | 0 | _aComputational biology. | |
| 650 | 0 | _aComputational grids (Computer systems) | |
| 655 | 7 |
_aElectronic books. _2local |
|
| 700 | 1 |
_aTalbi, El-Ghazali, _d1965- |
|
| 700 | 1 | _aZomaya, Albert Y. | |
| 710 | 2 | _aebrary, Inc. | |
| 830 | 0 | _aWiley series on bioinformatics. | |
| 856 | 4 | 0 |
_uhttp://site.ebrary.com/lib/rucke/Doc?id=10225370 _zAn electronic book accessible through the World Wide Web; click to view |
| 999 |
_c27447 _d27447 |
||